01234nam0a22002531 4500001001100000005001700011021001700028021002000045035002600065100004100091101000800132102000700140105001800147200040200165210003400567215001500601300008100616320003300697700002700730712016400757801001800921801002200939852001900961rc\326633020260406185613.0 aRUb69-78307 aRUbРг9114-69 a(NLR Aleph) 007389719 a20130115d1969 |||y0rusy50 ca0 arus aRU ay j |||||1 aМеждународное совещание коммунистических и рабочих партий. (Москва, июнь 1969 г.)eМатериал к лекцииfХарьк. высш. воен. авиац. училище летчиков им. дважды Героя Советского Союза С.И. Грицевец. Кафедра марксизма-ленинизма aХарьковcБ. и.d1969 a45 л.d29 aВ вып. дан. подготовил: препод. И.А. Усыскин aБиблиогр.: л. 44-45 1aУсыскинbИ.А.02aХарьковское высшее военное авиационное училище летчиков им. С. И. Грицевец3RU\NLR\AUTH\889951271 0aRUbNLRgpsbo 1aRUbELAR2rusmarc aNLRj69-8/1563